Dispositivo religioso y encierro: sobre la gubernamentalidad carcelaria en Argentina /
Con el fin de indagar sobre el dispositivo religioso como táctica de gubernamentalidad del servicio penitenciario en Argentina, el artículo examina el vínculo histórico entre dispositivo religioso y carcelario en el diseño de una penalidad moderna; describela inserción de un nuevo dispositivo religi...
Đã lưu trong:
| Tác giả chính: | |
|---|---|
| Định dạng: | Sách |
| Ngôn ngữ: | Spanish |
| Những chủ đề: | |
| Truy cập trực tuyến: | texto completo desde el sitio de la revista |
| Các nhãn: |
Thêm thẻ
Không có thẻ, Là người đầu tiên thẻ bản ghi này!
|
MARC
| LEADER | 00000nam a22000007a 4500 | ||
|---|---|---|---|
| 003 | cru CIDCACS/IIS | ||
| 005 | 20230902185018.0 | ||
| 007 | ta | ||
| 008 | 191017t2015 mx |||||r||||||0| ||spa|d | ||
| 040 | |c cru CIDCACS/IIS | ||
| 100 | 1 | |9 8702 |a Manchado, Mauricio | |
| 245 | 1 | |a Dispositivo religioso y encierro: |b sobre la gubernamentalidad carcelaria en Argentina / |c Mauricio Manchado | |
| 300 | |a páginas 275-300 | ||
| 520 | |a Con el fin de indagar sobre el dispositivo religioso como táctica de gubernamentalidad del servicio penitenciario en Argentina, el artículo examina el vínculo histórico entre dispositivo religioso y carcelario en el diseño de una penalidad moderna; describela inserción de un nuevo dispositivo religioso en las cárceles nacionales —el evangélico pentecostal—; analiza el entramado discursivo que hace posible el surgimiento de tal dispositivo como táctica de gubernamentalidad en las cárceles argentinas, e indaga la configuración de las nuevas relaciones de poder (reciprocidades formales e informales) que el dispositivo religioso construye en la cotidianidad del encierro. RAR 09/2022 | ||
| 650 | 0 | |2 OCDE |9 2795 |a RELIGION | |
| 650 | 0 | |2 ANSES |9 10296 |a CARCEL | |
| 650 | 4 | |2 UNESCO |9 3253 |a POLITICA GUBERNAMENTAL | |
| 651 | 0 | |2 OCDE |9 3346 |a ARGENTINA | |
| 773 | 0 | |0 42271 |9 2989 |a Instituto de Investigaciones Sociales. Universidad Nacional Autónoma de México |d México: UNAM. IIS |o 17793 |t Revista Mexicana de Sociología / | |
| 856 | |u http://revistamexicanadesociologia.unam.mx/index.php/rms/article/view/48226/43355 |y texto completo desde el sitio de la revista | ||
| 942 | |2 ddc |c PP | ||
| 999 | |c 42494 |d 42494 | ||
